Психологический портрет студентов из стран азиатско-тихоокеанского региона; Методология обучения и повышения эффективности академической, социально-культурной и психологической адаптации иностранных студентов в российском вузе: теоретические и прикладные аспекты; Т. 2

Manylion Llyfryddiaeth
Parent link:Методология обучения и повышения эффективности академической, социально-культурной и психологической адаптации иностранных студентов в российском вузе: теоретические и прикладные аспекты: материалы Всероссийского семинара, 21-23 октября 2008 г./ Томский политехнический университет (ТПУ), Институт международного образования и языковой коммуникации (ИМОиЯК).— , 2008
Т. 2.— 2008.— С. 171-177
Prif Awdur: Шевелева С. И. Светлана Игоревна
Iaith:Rwseg
Cyhoeddwyd: 2008
Pynciau:
Fformat: MixedMaterials Pennod Llyfr
KOHA link:https://koha.lib.tpu.ru/cgi-bin/koha/opac-detail.pl?biblionumber=156282

MARC

LEADER 00000naa2a2200000 4500
001 156282
005 20240111155441.0
035 |a (RuTPU)RU\TPU\book\169520 
090 |a 156282 
100 |a 20090325d2008 k y0rusy50 ca 
101 0 |a rus 
102 |a RU 
200 1 |a Психологический портрет студентов из стран азиатско-тихоокеанского региона  |f С. И. Шевелёва 
320 |a Библиогр.: 5 назв. 
461 1 |0 (RuTPU)RU\TPU\book\164988  |t Методология обучения и повышения эффективности академической, социально-культурной и психологической адаптации иностранных студентов в российском вузе: теоретические и прикладные аспекты  |o материалы Всероссийского семинара, 21-23 октября 2008 г.  |f Томский политехнический университет (ТПУ), Институт международного образования и языковой коммуникации (ИМОиЯК)  |d 2008 
463 0 |0 (RuTPU)RU\TPU\book\163845  |y 5-87307-071-7  |t Т. 2  |v С. 171-177  |d 2008  |p 200 с. 
610 1 |a иностранные студенты 
610 1 |a психология 
610 1 |a азиатско-тихоокеанский регион 
610 1 |a межнациональные отношения 
610 1 |a группы 
610 1 |a общение 
610 1 |a межэтнические отношения 
610 1 |a азиатские страны 
610 1 |a труды учёных ТПУ 
700 1 |a Шевелева  |b С. И.  |c лингвист  |c старший преподаватель Томского политехнического университета  |f 1972-  |g Светлана Игоревна  |3 (RuTPU)RU\TPU\pers\29165  |9 13791 
801 1 |a RU  |b 63413507  |c 20090325  |g PSBO 
801 2 |a RU  |b 63413507  |c 20151106  |g RCR 
942 |c BK